Analýza vplyvu dumpingového dovozu na priemysel SR - vybraný antidumpingový prípad diplomová práca

Gespeichert in:
Bibliographische Detailangaben
1. Verfasser: Kender, Roman
Körperschaft: Obchodná fakulta EU. Katedra medzinárodného obchodu
Weitere Verfasser: Silná, Zuzana
Format: Buch
Sprache:Slowakisch
Veröffentlicht: Bratislava 2015
Tags: Tag hinzufügen
Keine Tags, Fügen Sie das erste Tag hinzu!

MARC

LEADER 00000nbm a2200000 4500
001 0203105
005 20161212104423.3
041 0 |a slo 
044 |a SK 
245 1 0 |a Analýza vplyvu dumpingového dovozu na priemysel SR - vybraný antidumpingový prípad  |b diplomová práca  |c Roman Kender ; školiteľ: Zuzana Silná 
264 1 |a Bratislava  |c 2015 
300 |a 94 s. 
100 1 |a Kender, Roman 
700 1 |a Silná, Zuzana 
710 2 |a Obchodná fakulta EU. Katedra medzinárodného obchodu